Geography Multi-select #9 - Statistics

General Stats
  • This quiz has been taken 27 times
  • The average score is 66 of 90
Answer Stats
Question Tile Select % Correct
U.S. state capitals whose state begins with “H.” Boston No
100%
U.S. state capitals whose state begins with “H.” Pierre No
100%
U.S. state capitals whose state begins with “H.” Boise No
96%
U.S. state capitals whose state begins with “H.” Honolulu Yes
96%
U.S. state capitals whose state begins with “H.” Albany No
92%
U.S. states whose capital city begins with “H.” Arizona No
92%
countries whose capital begins with “H.” Bolivia No
92%
the five most populous sovereign nations. China Yes
92%
capital cities of a country whose name begins with “H.” Kingston No
92%
U.S. state capitals whose state begins with “H.” Lansing No
92%
U.S. state capitals whose state begins with “H.” Montgomery No
92%
U.S. state capitals whose state begins with “H.” Nashville No
92%
the five countries or territories with the highest average elevation. Nepal Yes
92%
U.S. states whose capital city begins with “H.” New York No
92%
capital cities of a country whose name begins with “H.” Oslo No
92%
U.S. state capitals whose state begins with “H.” Santa Fe No
92%
the five countries with the highest GDP (purchasing power parity) in 2023. United States Yes
92%
the five least populous UN member or observer states. Vatican City Yes
92%
the five countries with the highest GDP (nominal) in 2023. China Yes
88%
countries whose capital begins with “H.” Cuba Yes
88%
U.S. states whose capital city begins with “H.” Hawaii Yes
88%
the five countries with the highest GDP (nominal) in 2023. Italy No
88%
the five countries or territories with the lowest average elevation. Maldives Yes
88%
countries whose capital begins with “H.” Somalia No
88%
countries whose capital begins with “H.” Sudan No
88%
capital cities of a country whose name begins with “H.” Ulaanbaatar No
88%
the five countries with the highest GDP (nominal) in 2023. United States Yes
88%
capital cities of a country whose name begins with “H.” Vilnius No
88%
the five most populous sovereign nations. Bangladesh No
85%
the five countries with the highest GDP (purchasing power parity) in 2023. China Yes
85%
the five most populous sovereign nations. India Yes
85%
the five countries with the highest GDP (purchasing power parity) in 2023. Indonesia No
85%
the five most populous sovereign nations. Indonesia Yes
85%
the five countries with the highest GDP (purchasing power parity) in 2023. Japan Yes
85%
the five countries with the highest GDP (nominal) in 2023. Japan Yes
85%
countries whose capital begins with “H.” Marshall Islands No
85%
U.S. states whose capital city begins with “H.” Oregon No
85%
capital cities of a country whose name begins with “H.” Port-au-Prince Yes
85%
U.S. states whose capital city begins with “H.” Arkansas No
81%
the five countries with the highest GDP (purchasing power parity) in 2023. Brazil No
81%
capital cities of a country whose name begins with “H.” Bucharest No
81%
capital cities of a country whose name begins with “H.” Budapest Yes
81%
countries whose capital begins with “H.” Finland Yes
81%
U.S. states whose capital city begins with “H.” Idaho No
81%
capital cities of a country whose name begins with “H.” Kigali No
81%
capital cities of a country whose name begins with “H.” Tegucigalpa Yes
81%
countries whose capital begins with “H.” Vietnam Yes
81%
countries whose capital begins with “H.” Zimbabwe Yes
81%
the five countries with the highest GDP (nominal) in 2023. Brazil No
77%
the five countries or territories with the lowest average elevation. Qatar No
77%
the five countries with the highest GDP (purchasing power parity) in 2023. Russia No
77%
the five most populous sovereign nations. Russia No
77%
the five least populous UN member or observer states. Saint Kitts and Nevis No
77%
the five countries or territories with the lowest average elevation. Tuvalu Yes
77%
the five most populous sovereign nations. United States Yes
77%
the five countries or territories with the highest average elevation. Bhutan Yes
73%
U.S. states whose capital city begins with “H.” Connecticut Yes
73%
the five countries with the highest GDP (nominal) in 2023. Germany Yes
73%
U.S. states whose capital city begins with “H.” Montana Yes
73%
the five least populous UN member or observer states. Nauru Yes
73%
the five least populous UN member or observer states. San Marino Yes
73%
the five countries with the highest GDP (purchasing power parity) in 2023. Germany Yes
69%
the five least populous UN member or observer states. Marshall Islands No
69%
the five countries or territories with the lowest average elevation. Denmark No
65%
the five countries with the highest GDP (nominal) in 2023. France No
65%
the five countries or territories with the highest average elevation. Lesotho No
65%
the five countries or territories with the lowest average elevation. Marshall Islands Yes
65%
the five most populous sovereign nations. Nigeria No
65%
the five countries or territories with the lowest average elevation. Gambia No
62%
the five countries or territories with the lowest average elevation. Kiribati Yes
62%
the five least populous UN member or observer states. Liechtenstein No
62%
U.S. states whose capital city begins with “H.” Pennsylvania Yes
62%
the five most populous sovereign nations. Brazil No
58%
the five countries or territories with the highest average elevation. Kyrgyzstan Yes
54%
the five most populous sovereign nations. Pakistan Yes
54%
the five least populous UN member or observer states. Tuvalu Yes
54%
countries whose capital begins with “H.” Solomon Islands Yes
50%
the five countries or territories with the highest average elevation. Tajikistan Yes
50%
the five countries or territories with the highest average elevation. Afghanistan No
46%
the five least populous UN member or observer states. Palau Yes
46%
the five countries or territories with the highest average elevation. Chile No
42%
the five countries or territories with the highest average elevation. Andorra No
38%
the five countries with the highest GDP (nominal) in 2023. India Yes
38%
the five countries or territories with the lowest average elevation. Singapore Yes
35%
the five countries with the highest GDP (purchasing power parity) in 2023. India Yes
31%
the five least populous UN member or observer states. Monaco No
31%
the five countries with the highest GDP (nominal) in 2023. United Kingdom No
31%
the five countries with the highest GDP (purchasing power parity) in 2023. United Kingdom No
27%
the five countries or territories with the highest average elevation. Antarctica Yes
23%
the five countries or territories with the lowest average elevation. Netherlands No
19%
No matching quizzes found
Score Distribution
Percent of People with Each Score
Percentile by Number Answered
Your Score History
You have not taken this quiz